Buteurs de la finale de la Coupe du monde - Mort subite - Statistiques

Statistiques générales
  • Ce quiz a été pris 625 fois
  • Le résultat moyen est 8 sur 22
Answers on the Grid
Answers color-coded by a green-red scale on the quiz's grid according to % correct below.
Lionel Messi
Kylian Mbappé
Ángel Di María
Paul Pogba
Ivan Perišić
Antoine Griezmann
Mario Mandžukić
Mario Götze
Andrés Iniesta
Marco Materazzi
Zidedine Zidane
Ronaldo
Emmanuel Petit
Andreas Brehme
Rudi Völler
Paolo Rossi
Mario Kempes
Gerd Müller
Pelé
Geoff Hurst
Ferenc Puskás
Alcides Ghiggia
Cristiano Ronaldo
Luka Modrić
Lautaro Martínez
Arjen Robben
Marco Reus
Francesco Totti
Ronaldinho
Bebeto
Romário
Diego Maradona
Lothar Matthäus
Johan Cruyff
Franz Beckenbauer
Bobby Charlton
Neymar
Marco van Basten
Michel Platini
Roberto Baggio
Kaká
Alfredo Di Stéfano
Fernando Torres
Andriy Shevchenko
Kevin Keegan
 
Statistiques - réponses
Réponse % Correct
Kylian Mbappé
66%
Zidedine Zidane
66%
Lionel Messi
65%
Paul Pogba
54%
Pelé
51%
Ángel Di María
49%
Andrés Iniesta
48%
Mario Götze
48%
Antoine Griezmann
47%
Emmanuel Petit
46%
Ronaldo
43%
Ivan Perišić
41%
Mario Mandžukić
37%
Marco Materazzi
30%
Gerd Müller
19%
Andreas Brehme
13%
Paolo Rossi
13%
Mario Kempes
12%
Rudi Völler
12%
Ferenc Puskás
10%
Geoff Hurst
10%
Alcides Ghiggia
5%
Aucun quiz correspondant
Distribution des résultats
% des personnes avec chaque résultat
Percentile par nombre de réponses
Votre historique - résultats
Vous n’avez pas pris ce quiz